| 000 | 00643nam a22002297a 4500 | ||
|---|---|---|---|
| 003 | SEM | ||
| 005 | 20230907105730.0 | ||
| 008 | 230907b2005 us ||||gr||||||01|0 eng|d | ||
| 020 | _a0131442007 | ||
| 040 |
_aSEM _cSEM |
||
| 041 | _aarm | ||
| 080 | _a502.7/W-88 | ||
| 100 | _aWright Richard T. | ||
| 245 |
_aEnvironmental science . _bToward a sustainable future / _cR. T. Wright; Edt.: Dan Kaveney |
||
| 250 | _aninth edt. | ||
| 260 |
_aNew Jersey : _bPearson Prentice Hall, _c2005. |
||
| 300 |
_aXIII+712 p. ; _bill., CD; _c28 cm |
||
| 650 | _aEnvironmentalism | ||
| 653 | _aՍԷՄ | ||
| 700 |
_aKaveney Dan _4edt. |
||
| 942 |
_2udc _cBK _n0 |
||
| 999 |
_c74120 _d74120 |
||